000 00184nam a2200073Ia 4500
008 170524s9999 xx 000 0 und d
100 _aVERMA- M.M
245 0 _aMATERIALS MANAGEMENT
260 _bnew delhi : Sultan chand
999 _c8368
_d8368